| 000 | 00347pab a2200145 454500 | ||
|---|---|---|---|
| 008 | 180718b1983 xxu||||| |||| 00| 0 eng d | ||
| 100 | _aVyas, Dinesh | ||
| 245 | _aUnion budget, 1983-84; mirror of prevalent anarchy | ||
| 260 | _c1983 | ||
| 300 | _a5 | ||
| 362 | _a11 Mar. | ||
| 650 | _aBudget - India | ||
| 773 | _aEconomic Times | ||
| 909 | _a4814 | ||
| 999 |
_c4814 _d4814 |
||